|
|
|
|
| LEADER |
02958nam a2200433 i 4500 |
| 001 |
45793 |
| 003 |
BD-DhAAL |
| 005 |
20260518172633.0 |
| 008 |
260518t20222013nyu b 000 1 eng |
| 010 |
|
|
|a 2012039878
|
| 020 |
|
|
|a 9781838856250
|
| 020 |
|
|
|a 9780670026630
|
| 035 |
|
|
|a 17518861
|
| 040 |
|
|
|a DLC
|b eng
|c DLC
|e rda
|d DLC
|d BD-DhAAL
|
| 042 |
|
|
|a pcc
|
| 043 |
|
|
|a a-ja---
|a n-cn-bc
|
| 050 |
0 |
0 |
|a PS3565.Z45
|b T35 2013
|
| 082 |
0 |
0 |
|a 813.54
|2 23
|
| 084 |
|
|
|a FIC019000
|
| 100 |
1 |
|
|a Ozeki, Ruth L.
|9 28492
|
| 245 |
1 |
2 |
|a A tale for the time being /
|c Ruth Ozeki.
|
| 246 |
|
3 |
|a A tale for the time being
|
| 260 |
|
|
|a Edinburgh :
|b Viking ;
|b Canongate,
|c 2022.
|
| 300 |
|
|
|a 455 pages ;
|c 20 cm
|
| 504 |
|
|
|a Includes bibliographical references (pages 419-420).
|
| 520 |
|
|
|a ""A time being is someone who lives in time, and that means you, and me, and every one of us who is, or was, or ever will be." In Tokyo, sixteen-year-old Nao has decided there's only one escape from her aching loneliness and her classmates' bullying. But before she ends it all, Nao first plans to document the life of her great grandmother, a Buddhist nun who's lived more than a century. A diary is Nao's only solace--and will touch lives in ways she can scarcely imagine. Across the Pacific, we meet Ruth, a novelist living on a remote island who discovers a collection of artifacts washed ashore in a Hello Kitty lunchbox--possibly debris from the devastating 2011 tsunami. As the mystery of its contents unfolds, Ruth is pulled into the past, into Nao's drama and her unknown fate, and forward into her own future. Full of Ozeki's signature humor and deeply engaged with the relationship between writer and reader, past and present, fact and fiction, quantum physics, history, and myth, A Tale for the Time Being is a brilliantly inventive, beguiling story of our shared humanity and the search for home"--
|c Provided by publisher.
|
| 526 |
8 |
|
|a AAL
|
| 541 |
1 |
|
|a Donated by Embassy of Japan in Bangladesh, Read Japan Project 2025, The Tokyo Foundation, supported by The Nippon Foundation.
|e 45793
|
| 650 |
|
0 |
|a Teenage girls
|v Fiction.
|9 5887
|
| 650 |
|
0 |
|a Buddhist nuns
|v Fiction.
|9 60837
|
| 650 |
|
0 |
|a Women authors
|v Fiction.
|9 60838
|
| 650 |
|
7 |
|a FICTION / Literary.
|
| 651 |
|
0 |
|a Tokyo (Japan)
|v Fiction.
|9 6187
|
| 651 |
|
0 |
|a Vancouver Island (B.C.)
|v Fiction.
|9 60839
|
| 655 |
|
7 |
|a Fiction.
|
| 852 |
1 |
|
|a Ayesha Abed Library
|c General Stacks
|
| 942 |
|
|
|2 ddc
|c BK
|
| 999 |
|
|
|c 47977
|d 47977
|
| 952 |
|
|
|0 0
|1 0
|2 ddc
|4 0
|6 813_540000000000000_OZE
|7 0
|9 79224
|a BRACUL
|b BRACUL
|d 2026-05-18
|e Donated by Embassy of Japan in Bangladesh, Read Japan Project 2025, The Tokyo Foundation, supported by The Nippon Foundation.
|l 0
|o 813.54 OZE
|p 3010045793
|r 2026-05-18
|t 1
|w 2026-05-18
|y BK
|x Donated copy received from Embassy of Japan in Bangladesh, Read Japan Project 2025, The Tokyo Foundation, supported by The Nippon Foundation on 08 April 2026; £9.99 Price available in the Book.
|